00640nam a2200193 u 450000100100000000500170001000800410002702000150006804000250008304100080010808200140011610000260013024500820015626000360023830000210027450000210029595201130031699900170042900002029220200929170342.0100813s1981 xx 000 0 eng d a0812909550 aDO-SdBNPbspacBNPHU07aeng axxxbxxxx1 aDemaris, Ovid.94292810aThe last mafioso :bthe treacherous world of Jimmy Fratianno /cOvid Demaris. aNew York :bTimes Books,c1981. a463 p. ;c25 cm. aIncluye índice 0010507-18MOaPDbPDcOId2017-05-08iLF1l0oxxx xxxxp20292-10r2020-06-25w2020-06-25y1ZNo se presta c19796d19796